Young children in motion / (Record no. 143889)

MARC details
000 -LEADER
fixed length control field 00575nam a22001817a 4500
005 - DATE AND TIME OF LATEST TRANSACTION
control field 20170829140446.0
010 ## - LCCN (DPL NO)
LC control number ENG-120151
020 ## - INTERNATIONAL STANDARD BOOK NUMBER
International Standard Book Number 9789350078204
Terms of availability 200.00
035 ## - SYSTEM CONTROL NUMBER
System control number EN-103683
037 ## - SOURCE OF ACQUISITION
Source of stock number/acquisition DBAD/PUB
082 ## - DEWEY DECIMAL CLASSIFICATION NUMBER
Classification number 796.07
100 ## - MAIN ENTRY--PERSONAL NAME
Personal name Soni,Romila
245 ## - TITLE STATEMENT
Title Young children in motion /
Statement of responsibility, etc by Romila Soni [and] Sandhya Sangai
260 ## - PUBLICATION, DISTRIBUTION, ETC. (IMPRINT)
Place of publication, distribution, etc New Delhi
Name of publisher, distributor, etc National Council of Educational Research and Training
Date of publication, distribution, etc 2016
270 ## - ADDRESS
Address Sri Aurobindo Marg
City New Delhi
Postal code 110016
300 ## - PHYSICAL DESCRIPTION
Extent x,263p. :
Dimensions 24cm (pbk)
Other physical details ill
942 ## - ADDED ENTRY ELEMENTS (KOHA)
Source of classification or shelving scheme Dewey Decimal Classification
Item type English Books
Classification part 796.07
Call number suffix YOU
Holdings
Withdrawn status Lost status Not for loan Collection code Home library Current library Date acquired Source of acquisition Cost, normal purchase price Full call number Barcode Copy number Cost, replacement price Koha item type
      Non-fiction Patel Nagar Patel Nagar 29/08/2017 DBAD/PUB 200.00 796.07 YOU EN-103683 1 200.00 English Books

© Delhi Public Library
Hit Counter
free hit counter